01190nab a22002177a 4500003000400000005001700004008004100021040000700062100002200069245011800091260007200209300001200281500003900293505016000332505018700492505008900679650002000768650001900788650002700807773013800834OSt20260110001001.0190605e xxu||||| |||| 00| 0 spa d cPJ aAlderete, Manuel 13aEl Estado empleador. ¿Cómo contrata la Administración pública nacional a sus agentes? /cManuel Alderete.  aCiudad Autónoma de Buenos Aires :bThomson Reuters La Ley,c2023. ap. 5-17 aCita: TR LALEY AR/DOC/1975/2023.  aSumario: I. Introducción.— II. El trabajo en sus diversas formas: los distintos mecanismos de contratación del empleo estatal.— III. Conclusión.  aFallo comentado: TTrab. N°1, San Miguel ~ 02/03/2023 ~ Gorosito, Alejandro Alberto c. La Segunda Aseguradora de Riesgos del Trabajo SA s/ accidente de trabajo - acción especial. t¿Te interesa el texto completo? Solicitalo al correo: koha@justierradelfuego.gov.ar 0aDERECHO LABORAL 0aEMPLEO PUBLICO 0aADMINISTRACION PUBLICA0 02711dCiudad Autónoma de Buenos Aires : Thomson Reuters La Ley, 1999-2002.tRevista de derecho del trabajo. Nº 5 - Septiembre 2023